Statistics for Every Club has Lewandowski scored against

Click here to take the quiz!

General Stats

  • This quiz has been taken 41 times
  • The average score is 28 of 113

Answer Stats

HintType of competitionAnswer% Correct
27Bundesliga/DFB Pokal/DFL SupercupBorussia Dortmund
100%
7Champions League/La LigaReal Madrid
87%
5Bundesliga/DFB Pokal/DFL SupercupFC Bayern Munich
83%
4Champions LeagueFC Barcelona
80%
21Bundesliga/DFB PokalSchalke 04
80%
9BundesligaRB Leipzig
77%
26Bundesliga/DFB PokalVfL Wolfsburg
77%
10BundesligaBorussia Monchengladbach
70%
16Bundesliga/DFB Pokal/DFL SupercupEintracht Frankfurt
63%
1Champions LeaguePSG
63%
20Bundesliga/DFB PokalWerder Bremen
63%
4Champions LeagueArsenal FC
60%
2Champions LeagueAtletico Madrid
60%
3Champions LeagueChelsea
60%
1Champions LeagueManchester City
60%
1Europa LeagueManchester United
60%
23BundesligaFC Augsburg
57%
5Bundesliga/DFB PokalVfL Bochum
57%
12Bundesliga/DFB PokalBayer Leverkusen
53%
2Champions League
Inter Milan
53%
1Champions LeagueJuventus FC
53%
15BundesligaHertha Berlin
50%
15Bundesliga/DFB PokalHannover 96
47%
3Champions LeagueOlympique Marseille
47%
1Poland EkstraklasaLegia Warsaw
43%
2Champions LeagueTottenham Hotspur
43%
1Champions LeagueAS Roma
40%
3La LigaReal Sociedad
40%
7BundesligaUnion Berlin
40%
1La LigaAthletic Bilbao
37%
2Champions LeagueSS Lazio
37%
7BundesligaFC Nurnberg
33%
3Champions LeaguePSV Eindhoven
33%
3La LigaReal Betis
33%
7Champions LeagueSL Benfica
33%
3BundesligaArminia Bielefeld
30%
18BundesligaFC Koln
30%
2Champions LeagueFC Porto
30%
2BundesligaFortuna Dusseldorf
30%
6Poland Ekstraklasa/Polish CupWisla Krakow
30%
2La LigaCadiz
27%
1DFB PokalDynamo Dresden
27%
4La LigaElche
27%
3Poland EkstraklasaJagiellonia Bialystok
23%
2Poland EkstraklasaLechia Gdansk
23%
3La LigaReal Valladolid
23%
15Bundesliga/DFB PokalTSG Hoffenheim
23%
20BundesligaFSV Mainz
20%
6Poland Ekstraklasa/Fortuna 1 LeagueSlask Wroclaw
20%
3Poland EkstraklasaArka Gdynia
17%
1Poland EkstraklasaCracovia
17%
5Champions LeagueDinamo Zagreb
17%
1La LigaRayo Vallecano
17%
5Champions LeagueAjax Amsterdam
13%
1Poland EkstraklasaGornik Zabrze
13%
2Poland EkstraklasaKorona Kielce
13%
1Champions LeagueOlympique Lyon
13%
1Fortuna 1 LeaguePiast Gliwice
13%
4Poland Ekstraklasa/Fortuna 1 LeaguePolonia Warszawa
13%
2Champions LeagueRSC Anderlecht
13%
4Poland EkstraklasaRuch Chorzow
13%
2Champions LeagueShakhtar Donetsk
13%
1Poland EkstraklasaZaglebie Lubin
13%
3Champions LeagueAEK Athens
10%
2Club World CupAl Ahly
10%
4BundesligaFC Ingolstadt
10%
1Fortuna 1 LeagueGKS Katowice
10%
1DFB PokalHolstein Kiel
10%
2Fortuna 1 LeagueLKS Lodz
10%
1Champions LeagueMalaga
10%
3Fortuna 1 LeaguePelikan Lowicz
10%
6Champions LeagueRed Bull Salzburg
10%
2Fortuna 1 LeagueWisla Plock
10%
1Europa League EliminationAustria Wien
7%
2La LigaEspanyol Barcelona
7%
3Fortuna 1 LeagueGKS Jastrzebie
7%
5BundesligaGreuther Furth
7%
16Bundesliga/DFB PokalHSV Hamburg
7%
5Champions LeagueRed Star Belgrade
7%
7Bundesliga/DFB PokalSC Paderborn
7%
1Champions LeagueSevilla FC
7%
1Champions LeagueValencia CF
7%
13BundesligaVfL Stuttgart
7%
3La LigaVillarreal CF
7%
2DFB PokalChemnitzer FC
3%
1BundesligaDarmstadt FC
3%
1DFB PokalFC Energie Cottbus
3%
2DFB PokalFC Heidenheim
3%
1BundesligaFC Kaiserslautern
3%
1Champions LeagueFK Rostov
3%
3Poland EkstraklasaGKS Belchatow
3%
1Europa LeagueKarpaty Lviv
3%
1Fortuna 1 LeagueKmita Zabierzow
3%
1Fortuna 1 LeagueMotor Lublin
3%
2Poland EkstraklasaPolonia Bytom
3%
1La LigaRCD Mallorca
3%
1Fortuna 1 LeagueStal Stalowa Wola
3%
3Champions LeagueViktoria Pilsen
3%
2Champions LeagueBeskitas JK
0%
3DFB PokalCarl Zeiss Jena
0%
2Copa del ReyCeuta
0%
3Champions LeagueDinamo Kyiv
0%
1DFB PokalFC Nottingen
0%
2Europa League EliminationFredrikstad FK
0%
2Europa League EliminationGrasshopper Club Zurich
0%
1Europa League EliminationKhazar Lankaran
0%
1Fortuna 1 LeagueOdra Opole
0%
5Champions LeagueOlympiacos Pireus
0%
20BundesligaSC Freibrurg
0%
1DFB PokalSV Drochtersen/Assel
0%
2DFB PokalSV Sandhausen
0%
1DFB PokalSV Wilhelmshaven
0%
2Champions LeagueZenit Sankt Petersburg
0%

Score Distribution

Percentile by Number Answered

Percent of People with Each Score

Your Score History

You have not taken this quiz